LEADER 00864nam0-22003131i-450- 001 990003259710403321 005 20001010 010 $a0-566-00765-7 035 $a000325971 035 $aFED01000325971 035 $a(Aleph)000325971FED01 035 $a000325971 100 $a20000920d1985----km-y0itay50------ba 101 0 $aita 105 $ay-------001yy 200 1 $aLOCAL AUTHORITIES AND THE CREATION OF EMPLOYMENT 210 $aEngland$cGower$d1985 215 $app. 292 610 0 $aPolitica della Citta' e Pianificazione Territoriale 676 $a044.005 700 1$aChandler,$bJ. A.$020049 801 0$aIT$bUNINA$gRICA$2UNIMARC 901 $aBK 912 $a990003259710403321 952 $a044.005.CHA$b154$fDECGE 959 $aDECGE 996 $aLOCAL AUTHORITIES AND THE CREATION OF EMPLOYMENT$9450806 997 $aUNINA DB $aING01 LEADER 01378nam--2200409---450- 001 990000471510203316 005 20090610113841.0 010 $a88-387-1230-1 035 $a0047151 035 $aUSA010047151 035 $a(ALEPH)000047151USA01 035 $a0047151 100 $a20010525d1998----km-y0itay0103----ba 101 $aita 102 $aIT 105 $a||||||||001yy 200 1 $a<> nuovo modello di amministrazione nella legge n.241/90 e nelle leggi Bassanini n. 59/97 e n.127/97$eaggiornato con al giurisprudenza dei TAR e del Consiglio di Stato al 31 dicembre 1997$fFrancesco Castiello 205 $a2 ed. 210 $aRimini$cMaggioli$d1998 215 $a443 p.$d24 cm 225 2 $aProgetto ente locale 410 $12001$aProgetto ente locale 606 0 $aProcedimento amministrativo 606 0 $aAmministrazione pubblica$xLegislazione 676 $a342.45066 700 1$aCASTIELLO,$bFrancesco$0173684 801 0$aIT$bsalbc$gISBD 912 $a990000471510203316 951 $aXXIV.3.L 71a (IG V 547)$b16882 G$cIG V$d00231414 959 $aBK 969 $aGIU 979 $aPATTY$b90$c20010525$lUSA01$h1626 979 $c20020403$lUSA01$h1655 979 $aPATRY$b90$c20040406$lUSA01$h1633 979 $aRSIAV4$b90$c20090610$lUSA01$h1138 996 $aNuovo modello di amministrazione nella legge n.241$9888791 997 $aUNISA